<?xml version="1.0" encoding="UTF-8"?>
<collection xmlns="http://www.loc.gov/MARC21/slim">
 <record>
  <leader>01804nam a2200193Ia 4500</leader>
  <controlfield tag="001">CTU_164994</controlfield>
  <controlfield tag="008">210402s9999    xx            000 0 und d</controlfield>
  <datafield tag="020" ind1=" " ind2=" ">
   <subfield code="c">91.91</subfield>
  </datafield>
  <datafield tag="082" ind1=" " ind2=" ">
   <subfield code="a">616.0478</subfield>
  </datafield>
  <datafield tag="082" ind1=" " ind2=" ">
   <subfield code="b">H236</subfield>
  </datafield>
  <datafield tag="245" ind1=" " ind2="0">
   <subfield code="a">Handbook of chronic fatigue syndrome</subfield>
  </datafield>
  <datafield tag="245" ind1=" " ind2="0">
   <subfield code="c">[editors], Leonard A. Jason, Patricia A. Fennell, Renee R. Taylor.</subfield>
  </datafield>
  <datafield tag="260" ind1=" " ind2=" ">
   <subfield code="a">Hoboken, N.J.</subfield>
  </datafield>
  <datafield tag="260" ind1=" " ind2=" ">
   <subfield code="b">Wiley</subfield>
  </datafield>
  <datafield tag="260" ind1=" " ind2=" ">
   <subfield code="c">2003</subfield>
  </datafield>
  <datafield tag="520" ind1=" " ind2=" ">
   <subfield code="a">The Handbook of Chronic Fatigue Syndrome, edited by Leonard A. Jason, Patricia A. Fennell, and Renee R. Taylor, is fairly well written to cover all aspects of CFS...[It] has extensive information and excellent references. It is not only an excellent source of information on CFS, but also an excellent reference book on CFS for individuals who are diagnosing or treating this illness or are planning to enter this field....overall the balance is very fair and comprehensive. In addition, a strength of the book is that it presents a variety of different non-pharmacological intervention approaches, which include the more traditional cognitive behavioral interventions from Europe, to more stress inoculation interventions...cognitive coping efforts...non-aerobic exercise programs...comprehensive rehabilitation approaches...phase based interventions...empowerment oriented approaches... and energy envelope treatment approaches.... In my opinion, the handbook is an excellent reference book for medical libraries, medical schools, practicing physicians, heathcare providers, and others. Dharam V. Ablashi, DVM, MS, Dip. Bact., President, American Association for Chronic Fatigue Syndrome</subfield>
  </datafield>
  <datafield tag="650" ind1=" " ind2=" ">
   <subfield code="a">Chronic fatigue syndrome,Fatigue,Hội chứng Mệt mỏi kinh niên,Sự mệt mỏi</subfield>
  </datafield>
  <datafield tag="904" ind1=" " ind2=" ">
   <subfield code="i">Năm</subfield>
  </datafield>
  <datafield tag="980" ind1=" " ind2=" ">
   <subfield code="a">Trung tâm Học liệu Trường Đại học Cần Thơ</subfield>
  </datafield>
 </record>
</collection>
